000 00780nam a2200169 i 4500
001 114819
003 ES-MaACL
005 20251012063046.0
007 t|
008 070330s1925 sp ||||1| spa d
100 1 _aRodríguez Jurado, Adolfo,
_d1865-1933
_9159281
245 1 0 _aInforme pronunciado ante la sección Primera de la Audiencia Provincial de Sevilla el día 12 de febrero de 1925 /
_cpor Adolfo Rodríguez Jurado y de la Hera, abogado defensor... en la causa seguida... por el delito de robo con homicidio y lesiones en... Sanlúcar la Mayor , el día 14 de diciembre de 1921.
260 _a[S.l. :
_bs.n.,
_c1925?] (
_eBarcelona :
_fTalleres Gráficos R. Gilabert)
300 _a51 p. ;
_c22 cm.
852 _aES-MaACL
_j1685-F-2
999 _c114819
_d114819